Statistics for 100 Greatest Video Games of All Time

Click here to take the quiz!

General Stats

  • This quiz has been taken 7,561 times
  • The average score is 21 of 100

Answer Stats

#YearAnswer% Correct
431996Super Mario 64
88%
261985Super Mario Bros.
88%
191996Super Mario RPG: Legend of the Seven Stars
88%
171990Super Mario World
88%
451995Super Mario World 2: Yoshi's Island
88%
672007Call of Duty 4: Modern Warfare
70%
722008Grand Theft Auto IV
67%
702013Grand Theft Auto V
67%
492002Grand Theft Auto: Vice City
67%
822007Halo 3
54%
912001Halo: Combat Evolved
54%
11998The Legend of Zelda: The Ocarina of Time
54%
92000The Legend of Zelda: Majora's Mask
50%
201991The Legend of Zelda: A Link to the Past
49%
132003The Legend of Zelda: The Wind Waker
49%
311986Tetris
48%
962000Pokémon Gold and Silver
42%
291998Pokémon Red and Blue
42%
641994Donkey Kong Country
38%
462000Final Fantasy IX
37%
531998Final Fantasy Tactics
37%
391994Final Fantasy VI
37%
161997Final Fantasy VII
37%
232001Final Fantasy X
37%
62004Half-Life 2
32%
42010Red Dead Redemption
32%
681992Street Fighter II: Championship Edition
32%
31994Super Metroid
31%
272002Metroid Prime
30%
252005Resident Evil 4
30%
182007Portal
29%
72011Portal 2
29%
742001Metal Gear Solid 2: Sons of Liberty
28%
862004Metal Gear Solid 3: Snake Eater
28%
542008Metal Gear Solid 4: Guns of the Patriots
28%
872010God of War III
27%
922008Fallout 3
26%
402009Uncharted 2: Among Thieves
25%
102007BioShock
23%
111997Goldeneye 007
22%
332001Super Smash Bros. Melee
22%
142010Mass Effect 2
18%
562012Mass Effect 3
18%
322011Batman: Arkham City
17%
631999Silent Hill
15%
152001Silent Hill 2
15%
621997Star Fox 64
15%
421997Castlevania: Symphony of the Night
14%
21995Chrono Trigger
12%
782006Kingdom Hearts II
10%
381998Banjo-Kazooie
9%
211994EarthBound
9%
882005Devil May Cry 3: Dante's Awakening
8%
52005Shadow of the Colossus
8%
952008Dead Space
7%
792005Dragon Quest VIII: Journey of the Cursed King
7%
602011Deus Ex: Human Revolution
6%
221999SoulCalibur
6%
302012The Walking Dead
6%
242001Ico
5%
472001Max Payne
5%
362010Rock Band 3
5%
902011Saints Row: The Third
5%
832009The Beatles: Rock Band
5%
502010Bayonetta
4%
582001Conker's Bad Fur Day
4%
82008Braid
3%
522000Chrono Cross
3%
751998Grim Fandango
3%
482012Journey
3%
771993Myst
3%
122007Ōkami
3%
712000Shenmue
3%
931992Teenage Mutant Ninja Turtles: Turtles in Time
3%
662003Beyond Good and Evil
2%
341998Dance Dance Revolution
2%
552000Marvel vs. Capcom 2: New Age of Heroes
2%
991995Phantasy Star IV: The End of the Millennium
2%
982005Phoenix Wright: Ace Attorney
2%
412005Psychonauts
2%
571998Xenogears
2%
942005Advance Wars: Dual Strike
1%
372002Eternal Darkness: Sanity's Requiem
1%
842000Grandia II
1%
592012Hotline Miami
1%
732000Jet Set Radio
1%
442004Katamari Damacy
1%
352000Power Stone 2
1%
812013Rayman Legends
1%
282002Rez
1%
512008The World Ends with You
1%
652000Vagrant Story
1%
892000Valkyrie Profile
1%
762003Viewtiful Joe
1%
971996Wild Arms
1%
1001999Worms Armageddon
1%
692003Ampliude
0%
852011Child of Eden
0%
801994Snatcher
0%
611995You Don't Know Jack!
0%

Score Distribution

Percentile by Number Answered

Percent of People with Each Score

Your Score History

You have not taken this quiz